000 00429nam a2200181Ia 4500
003 0STCL
008 150530s9999 xx 000 0 und d
040 _aSTCL
_cSTCL
100 _aPylee, M.V.
245 _aVidyabhyasa Prasnangal: Innale, Innu, Nale
250 _a3
260 _bD.C. book; Kottayam
_c2006
_aKottayam
300 _a0
546 _aMalayalam
942 _2ddc
_cBK
999 _c15693
_d15693
005 20220125165735.0